| 000 | 00503nam a22001697a 4500 | ||
|---|---|---|---|
| 010 | _aENG-139627 | ||
| 020 |
_a9789384294755 _c495.00 |
||
| 035 | _aEN-123159 | ||
| 037 | _bDBAD/PUB | ||
| 082 | _a510 | ||
| 100 |
_aPal,K.C _963096 |
||
| 245 |
_aFundamental Mathematical Analysis _c/by K.C. Pal |
||
| 260 |
_aKolkata _bArunabha Sen Books & Allied Pvt. Ltd. _c2016 |
||
| 270 |
_a8/1 Chintamoni Das Lane _bKolkata _e700009 |
||
| 300 |
_a723p. _c24cm (PBK) |
||
| 942 |
_2ddc _cEN _h510 _mPAL |
||
| 999 |
_c201358 _d201358 |
||